Noah Beck Filmography - Statistics

General Stats
  • This quiz has been taken 2 times
  • The average score is 4 of 14
Answer Stats
Type Year Name % Correct
Film 2024 Sidelined: The QB and Me
100%
TV Show 2025 Doctor Odyssey
50%
Web Series 2023 Doogie Kamealoha, M.D.
50%
Web Mini-Series 2021 Noah Beck Tries Things
50%
TV Show 2021 Side Hustle
50%
Film TBA Sidelined 2: Intercepted
50%
Web Series 2021-2022 The D'Amelio Show
50%
Documentary 2023 Bradley Martyn: The Influencer
0%
Music Video 2020 Canceled
0%
Web Series 2020 Dish This
0%
Music Video 2020 Follow Me
0%
Web Series 2024 Hollywood Houselift with Jeff Lewis
0%
Music Video 2021 Love Race
0%
Web Series 2022 Secret Saboteurs
0%
No matching quizzes found
Score Distribution
Percent of People with Each Score
Percentile by Number Answered
Your Score History
You have not taken this quiz